Tenants make waves (Record no. 72220)

MARC details
000 -LEADER
fixed length control field 01421cam a2200253 4500
001 - CONTROL NUMBER
control field ABS66446
008 - FIXED-LENGTH DATA ELEMENTS--GENERAL INFORMATION
fixed length control field 030304n2003 000 0 eng u
035 ## - SYSTEM CONTROL NUMBER
System control number (Sirsi) u121515
100 ## - MAIN ENTRY--PERSONAL NAME
Personal name Bourne, K.
245 ## - TITLE STATEMENT
Title Tenants make waves
260 ## - PUBLICATION, DISTRIBUTION, ETC.
Date of publication, distribution, etc. 2003
490 ## - SERIES STATEMENT
Series statement Estates Gazette
Volume/sequential designation (0306) 8 February 2003, 138-139(2)
520 ## - SUMMARY, ETC.
Summary, etc. Looks at the additional security of tenure rights which tenant telecom operators enjoy under the Telecommunications Code 1984 as set out in Sched 2. Summarises the benefits and what is covered by the Code. Outlines grounds for possession available to the landlord under the Landlord and Tenant Act 1954 s30(1). Argues that the Code's powers are rarely exercised relying on goodwill between landlords and telecommunication operators. The Communications Bill once it becomes law, will change the way telecoms operators apply the code. The RICS Telecoms Forum, which seeks to promote good practice within the telecoms property sector, runs a CPD/seminar programme and keeps members up to date through newsletters
590 ## - LOCAL NOTE (RLIN)
Local note ABS
650 ## - SUBJECT ADDED ENTRY--TOPICAL TERM
Topical term or geographic name entry element TELECOMMUNICATIONS ACT 1984 SCHED 2
650 ## - SUBJECT ADDED ENTRY--TOPICAL TERM
Topical term or geographic name entry element TELECOMMUNICATIONS CODE
650 ## - SUBJECT ADDED ENTRY--TOPICAL TERM
Topical term or geographic name entry element LANDLORD AND TENANT ACT 1954 S30(1)
650 ## - SUBJECT ADDED ENTRY--TOPICAL TERM
Topical term or geographic name entry element SECURITY OF TENURE
650 ## - SUBJECT ADDED ENTRY--TOPICAL TERM
Topical term or geographic name entry element GROUNDS FOR POSSESSION
650 ## - SUBJECT ADDED ENTRY--TOPICAL TERM
Topical term or geographic name entry element COMMUNICATIONS BILL
650 ## - SUBJECT ADDED ENTRY--TOPICAL TERM
Topical term or geographic name entry element RICS TELECOMS FORUM
690 ## - LOCAL SUBJECT ADDED ENTRY--TOPICAL TERM (OCLC, RLIN)
Topical term or geographic name as entry element LANDLORD AND TENANT-BUSINESS TENANCIES
942 ## - ADDED ENTRY ELEMENTS (KOHA)
Suppress in OPAC 0
Holdings
Withdrawn status Lost status Source of classification or shelving scheme Damaged status Not for loan Home library Current library Shelving location Date acquired Total Checkouts Full call number Barcode Date last seen Copy number Price effective from Koha item type
    Dewey Decimal Classification     London London Journal article 04/03/2003   ABS66446 121515-1001 06/08/2019 1 06/08/2019 Journal article